000 00366nam a2200133Ia 4500
005 20250729165807.0
008 250729s2019 xx 000 0 und d
041 _aeng
082 _a550.25 RAOA
100 _aRao Ramesh
_9233157
245 _aA Guide to Computer Science
260 _aMangalore
_bSt.Aloysius P u College
_c2019
650 _aComputer Education
_9233158
999 _c240141
_d240141